01016cam a22002771a 4500001001300000003000400013005001700017008004100034010001700075035001900092040005000111050002200161070002000183072000900203082001000212100005500222245007300277260010000350300003400450490008300484500001700567650001700584650003500601830008500636999001700721agr49000685 DLC20260227111012.0790914s1949 dcuab f000 0 eng c aagr49000685  a(OCoLC)5376450 aU. S. Dept. of Agr. Libr.cWUdWUdDNALdDLC00aS21b.A46 no. 7050 a1bAg84M no.705 0aE300 a338.11 aHainsworth, Reginald G.q(Reginald George),d1893-12aA graphic summary of world agriculture /cby Reginald G. Hainsworth. aWashington, D.C. :bU.S. Dept. of Agriculture, Office of Foreign Agricultural Relations,c1949. a51 p. :bill., maps ;c26 cm.1 aMiscellaneous publication / United States Department of Agriculture ;vno. 705 aCover title. 0aFood supply. 0aAgriculturexEconomic aspects. 0aMiscellaneous publication (United States. Department of Agriculture) ;vno. 705. c11078d11078